Bankopojištění, jeho výhody a perspektívy v ČR

Perspektíva konceptu "bankopoistenie" alebo v originály "bank-assurance" v ČR. Definovanie "bankopoistenia" a jeho výhody.

Gespeichert in:
Bibliographische Detailangaben
1. Verfasser: Illetško, Petr
Format: Buchkapitel
Sprache:Tschechisch
Schlagworte:
Tags: Tag hinzufügen
Keine Tags, Fügen Sie das erste Tag hinzu!

MARC

LEADER 00000naa a2200000 4500
001 r048980
005 20230922101207.6
041 0 |a cze 
044 |a CZ 
245 1 0 |a Bankopojištění, jeho výhody a perspektívy v ČR  |c Petr Illetško 
520 |a Perspektíva konceptu "bankopoistenie" alebo v originály "bank-assurance" v ČR. Definovanie "bankopoistenia" a jeho výhody. 
610 2 0 |a poisťovníctvo 
610 2 0 |a poistenie 
610 2 0 |a banky 
610 2 0 |a bankovníctvo 
610 2 0 |a Česko 
100 1 |a Illetško, Petr